00395nam a2200133Ia 4500003000400000008004100004020002300045040000800068100002500076245010600101260003000207300001300237365001100250LDD181029s9999 xx 000 0 und d a8189640070c545.00 cLDD aChambers, W. Bradnee 0aReforming international environmental governancebfrom Instituional limits to incW. Bradnee Chambers aNew DelhibBookwellc2006 axi, 234p b545.00